00750nam a22002057a 450000500170000001000150001702000270003203500140005903700140007308200140008710000170010124500810011826000320019927000940023130000270032570000180035294200280037099900190039895201270041720180427153450.0 aENG-122824 a9789386643407c1495.00 aEN-106356 bDBAD/PUB. a343.93055 aGarg, Rakesh aGST Laws manual :cby Rakesh garg [and] Sandeep gargbActs rules and forms / aNew DelhibBloomsburyc2017 a2nd Floor, Building No.4, DDA Complex LSC, Pocket-C-6&&, Vasant Kunj, bNew Delhie110070v axiv, 1003p.c24cm(pbk) aGarg, Sandeep 2ddccENmGARh343.93055 c151797d151797 001040718NFICaDBADbLd2018-04-27eDBAD/PUBg1495.00l0o343.93055 GARpEN-106356r2018-04-27 00:00:00t1v1495.00yEN